| 000 | 01781nam1a2200325 i 4500 | ||
|---|---|---|---|
| 001 | RU\NLR\bibl\1137250 | ||
| 005 | 20260407163228.0 | ||
| 035 | _a(NLR Aleph) 001124127 | ||
| 090 |
_a1316746 _c1316746 |
||
| 100 | _a20071008g20079999k y0rusy50 ca | ||
| 101 | 0 | _arus | |
| 102 | _aRU | ||
| 105 | _ay ||||||||| | ||
| 200 | 1 |
_aПерспективы развития языкового образования в свете требований Болонских реформ _eмежвузовский сборник научных трудов _fГумбольдтовские чтения _g[отв. ред. д.п.н., проф. Н.А. Горлова] |
|
| 210 |
_aМосква _cМосковский городской педагогический университет _d2007 |
||
| 215 | _d21 | ||
| 300 | _aВ надзаг.: Правительство г. Москвы, Деп. образования г. Москвы, Гос. образоват. учреждение Моск. гор. пед. ун-т, Фак. романо-герм. филологии | ||
| 463 | 0 | _10011114796 | |
| 463 | 0 | _10011114770 | |
| 606 | 1 |
_aЛингвистическое образование _jСъезды, совещания и т.п. _yРоссийская Федерация _92488593 _3RU\NLR\auth\661476787 |
|
| 606 |
_aБолонский процесс _jСъезды, совещания и т.п. _92429520 _3RU\NLR\auth\661446198 |
||
| 686 | _aЧ489.64(2Р)я431 | ||
| 686 | _aЧ484(4)ж.я431 | ||
| 702 | 1 |
_aГорлова _bН. А. _4340 |
|
| 711 | 1 | 2 |
_aГумбольдтовские чтения _f2007 _eМосква _3RU\NLR\AUTH\8810101939 _9704635 |
| 801 | 0 |
_aRU _bNLR _c20071008 _gRCR |
|
| 801 | 1 |
_aRU _bNLR _c20071008 |
|
| 852 |
_aNLR _j2007-3/21811 |
||
| 942 | _cBOOK | ||